000 01551nam a2200181Ia 4500
008 240821s9999 xx 000 0 und d
020 _a9789390063512
_qpbk
041 _aeng
082 _a536.7
_bPLA
100 _aPlanck, Max
245 0 _aTreatise on Thermodynamics
_cMax Planck
260 _bMaxwell
_c2023
_aChennai
300 _axii, 272 p.
_b:ill.:
_c23 c.m.
504 _aindex
520 _aThis work has been selected by scholars as being culturally important, and is part of the knowledge base of civilization as we know it. This work was reproduced from the original artifact, and remains as true to the original work as possible. Therefore, you will see the original copyright references, library stamps (as most of these works have been housed in our most important libraries around the world), and other notations in the work. This work is in the public domain in the United States of America, and possibly other nations. Within the United States, you may freely copy and distribute this work, as no entity (individual or corporate) has a copyright on the body of the work. As a reproduction of a historical artifact, this work may contain missing or blurred pages, poor pictures, errant marks, etc. Scholars believe, and we concur, that this work is important enough to be preserved, reproduced, and made generally available to the public. We appreciate your support of the preservation process, and thank you for being an important part of keeping this knowledge alive and relevant.
650 _aPhysics
942 _cENGLISH
999 _c522487
_d522487